University Home | Library Home | Institutional Repository

Prism International (Record no. 9334)

MARC details
000 -LEADER
fixed length control field 00446cas a2200157 4500
008 - FIXED-LENGTH DATA ELEMENTS--GENERAL INFORMATION
fixed length control field 120222n eng u
022 ## - INTERNATIONAL STANDARD SERIAL NUMBER
International Standard Serial Number 00328790
035 ## - SYSTEM CONTROL NUMBER
System control number (Sirsi) a175570
050 ## - LIBRARY OF CONGRESS CALL NUMBER
Classification number PN2.P7I5
245 ## - TITLE STATEMENT
Title Prism International
260 ## - PUBLICATION, DISTRIBUTION, ETC.
Place of publication, distribution, etc. Vancouver
Name of publisher, distributor, etc. Department Creative Writing
310 ## - CURRENT PUBLICATION FREQUENCY
Current publication frequency Bi-annual
362 ## - DATES OF PUBLICATION AND/OR SEQUENTIAL DESIGNATION
Dates of publication and/or sequential designation Vol. 1, 1959 - Vol. 17, 1978
520 ## - SUMMARY, ETC.
Summary, etc. Publishes articles on contemporary writing
650 ## - SUBJECT ADDED ENTRY--TOPICAL TERM
Topical term or geographic name entry element Contemporary Writing
Holdings
Withdrawn status Lost status Source of classification or shelving scheme Damaged status Not for loan Home library Current library Shelving location Total Checkouts Full call number Barcode Date last seen Copy number Price effective from Koha item type
    Library of Congress Classification     Main Library Main Library Serials   PN2.P7I5 879011959/60 08/12/2019 1 08/12/2019 Periodical
    Library of Congress Classification     Main Library Main Library Serials   PN2.P7I5 8790171978 08/12/2019 2 08/12/2019 Periodical
    Library of Congress Classification     Main Library Main Library Serials   PN2.P7I5 87901711978 08/12/2019 3 08/12/2019 Periodical
    Library of Congress Classification     Main Library Main Library Serials   PN2.P7I5 8790111959 08/12/2019 4 08/12/2019 Periodical
    Library of Congress Classification     Main Library Main Library Serials   PN2.P7I5 8790511965 08/12/2019 5 08/12/2019 Periodical
    Library of Congress Classification     Main Library Main Library Serials   PN2.P7I5 8790411964 08/12/2019 6 08/12/2019 Periodical
    Library of Congress Classification     Main Library Main Library Serials   PN2.P7I5 8790311961 08/12/2019 7 08/12/2019 Periodical
    Library of Congress Classification     Main Library Main Library Serials   PN2.P7I5 8790211960 08/12/2019 8 08/12/2019 Periodical
© 2026 - The University of Zambia Library - Koha v25.11